000
00322pam a2200133 a 4500
020
_c
041
_h
082
_a
4.0000000000000001E-2
_b
RAD
100
_a
Radhakrishnan
245
_a
Cad/Cam/Cim
_h
Textual Documents
260
_a
New Delhi
_b
New Age International (P) Ltd Publishers
300
_a
628/PB
930
_a
381
999
_c
107214
_d
107214